Statistics for Random Movie Quotes #3

Click here to take the quiz!

General Stats

  • This quiz has been taken 83,677 times
    (20,248 since last reset)
  • The average score is 8 of 19

Answer Stats

Quote Movie % Correct
May the force be with youStar Wars
99%
Toto, I've a feeling we're not in Kansas anymoreThe Wizard of Oz
89%
Magic mirror on the wall, who is the fairest one of all?Snow White and the
Seven Dwarfs
83%
It's alive! It's alive!Frankenstein
75%
I ate his liver with some fava beans and a nice chiantiThe Silence of the Lambs
72%
He is a good and smart master and he made me
this collar so that I may speak. Squirrel!
Up
58%
Of all the gin joints in all the towns in all the world, she walks into mineCasablanca
45%
Sharks with frickin' laser beams attached to their headsAustin Powers:
International Man of Mystery
42%
When you're a Jet you're a Jet all the wayWest Side Story
39%
Get off my planeAir Force One
36%
Get off my lawnGran Torino
33%
That belongs in a museumIndiana Jones and the
Last Crusade
31%
They're not gonna catch us. We're on a mission from GodThe Blues Brothers
31%
You keep using that word. I do not think it means what you think it meansThe Princess Bride
30%
I'm kind of a big dealAnchorman
25%
Oh look at that... I've been impaledFrozen
24%
Your ego is writing checks your body can't cashTop Gun
16%
Remember, Sully, when I promised to kill you last? ... I liedCommando
14%
The dishes are DONE, manDon't Tell Mom the
Babysitter's Dead
5%

Score Distribution

Percentile by Number Answered

Percent of People with Each Score

Your Score History

You have not taken this quiz since the last reset